Nepriame elektrochemické stanovenie kazeínu na pokročilých elektródových materiáloch

Saved in:
Bibliographic Details
Main Author: Pinkeová, Andrea (Author)
Other Authors: Švorc, Ľubomír (Thesis advisor)
Format: Manuscript Book
Language:Slovak
Published: 2021
Subjects:
Online Access:http://is.stuba.sk/zp/portal_zp.pl?podrobnosti=157738
Tags: Add Tag
No Tags, Be the first to tag this record!

MARC

LEADER 00000ntm a22000003a 4500
001 stuzp84619
003 SK-STU
005 20210605210745.7
007 ta
008 150427s2015----xo-----f-mn---000-0-slo-d
040 |a STU  |b slo 
041 0 |a slo 
100 1 |a Pinkeová, Andrea  |u 041000  |4 aut  |U FCHPT Fakulta chemickej a potravinárskej technológie  |T FCHPT Ústav analytickej chémie  |X 105257  |U C1000  |Y 99  |7 105257 
242 0 1 |a Indirect electrochemical determination of casein on advanced electrode materials  |y eng 
245 1 0 |a Nepriame elektrochemické stanovenie kazeínu na pokročilých elektródových materiáloch 
260 |c 2021 
650 4 |a bórom dopovaný diamant  |2 slo 
650 4 |a kazeín  |2 slo 
650 4 |a nepriame stanovenie  |2 slo 
650 4 |a reakčná elektrochémia  |2 slo 
650 4 |a voltampérometria s pravouhlým pulzom  |2 slo 
650 4 |a boron-doped diamond  |2 eng 
650 4 |a casein  |2 eng 
650 4 |a indirect determination  |2 eng 
650 4 |a reaction electrochemistry  |2 eng 
650 4 |a square-wave voltammetry  |2 eng 
700 1 |a Švorc, Ľubomír  |u 041000  |k Z1  |4 ths  |U FCHPT Fakulta chemickej a potravinárskej technológie  |T FCHPT Ústav analytickej chémie  |X 19350  |U C1000  |Y 99  |7 A000019350 
856 4 |u http://is.stuba.sk/zp/portal_zp.pl?podrobnosti=157738